<?xml version="1.0" encoding="UTF-8"?>
<record
    xmlns:xsi="http://www.w3.org/2001/XMLSchema-instance"
    xsi:schemaLocation="http://www.loc.gov/MARC21/slim http://www.loc.gov/standards/marcxml/schema/MARC21slim.xsd"
    xmlns="http://www.loc.gov/MARC21/slim">

  <leader>01397nam0a22002891  4500</leader>
  <controlfield tag="001">RU\INFOCOMM_327\NLR\5000063483</controlfield>
  <controlfield tag="005">20250613112606.0</controlfield>
  <datafield tag="035" ind1=" " ind2=" ">
    <subfield code="a">(NLR Aleph) 009613989</subfield>
  </datafield>
  <datafield tag="090" ind1=" " ind2=" ">
    <subfield code="a">9390054</subfield>
    <subfield code="c">9390054</subfield>
  </datafield>
  <datafield tag="100" ind1=" " ind2=" ">
    <subfield code="a">20130318d1966    |||y0rusy50      ca</subfield>
  </datafield>
  <datafield tag="101" ind1="1" ind2=" ">
    <subfield code="a">eng</subfield>
    <subfield code="c">rus</subfield>
  </datafield>
  <datafield tag="102" ind1=" " ind2=" ">
    <subfield code="a">RU</subfield>
  </datafield>
  <datafield tag="105" ind1=" " ind2=" ">
    <subfield code="a">y   z   |||||</subfield>
  </datafield>
  <datafield tag="200" ind1="1" ind2=" ">
    <subfield code="a">Natural nidality of transmissible diseases in relation to landscape epidemiology of zooan throponoses</subfield>
    <subfield code="f">Acad. E. Pavlovsky</subfield>
    <subfield code="g">Transl. from the Russ. by Yuri Shirokov</subfield>
  </datafield>
  <datafield tag="210" ind1=" " ind2=" ">
    <subfield code="a">M.</subfield>
    <subfield code="c">"Peace"</subfield>
    <subfield code="d">[1966]</subfield>
  </datafield>
  <datafield tag="215" ind1=" " ind2=" ">
    <subfield code="a">251 &#x441;., 1 &#x43B;. &#x446;&#x432;. &#x438;&#x43B;.</subfield>
    <subfield code="c">&#x438;&#x43B;., &#x43A;&#x430;&#x440;&#x442;.</subfield>
    <subfield code="d">22 &#x441;&#x43C;</subfield>
  </datafield>
  <datafield tag="300" ind1=" " ind2=" ">
    <subfield code="a">&#x414;&#x43E;&#x43F;. &#x442;&#x438;&#x442;. &#x43B;. &#x43D;&#x430; &#x440;&#x443;&#x441;. &#x44F;&#x437;.: &#x410;&#x43A;&#x430;&#x434;. &#x415;. &#x41F;&#x430;&#x432;&#x43B;&#x43E;&#x432;&#x441;&#x43A;&#x438;&#x439;. &#x41F;&#x440;&#x438;&#x440;&#x43E;&#x434;&#x43D;&#x430;&#x44F; &#x43E;&#x447;&#x430;&#x433;&#x43E;&#x432;&#x43E;&#x441;&#x442;&#x44C; &#x442;&#x440;&#x430;&#x43D;&#x441;&#x43C;&#x438;&#x441;&#x441;&#x438;&#x432;&#x43D;&#x44B;&#x445; &#x431;&#x43E;&#x43B;&#x435;&#x437;&#x43D;&#x435;&#x439; &#x432; &#x441;&#x432;&#x44F;&#x437;&#x438; &#x441; &#x43B;&#x430;&#x43D;&#x434;&#x448;&#x430;&#x444;&#x442;&#x43D;&#x43E;&#x439; &#x44D;&#x43F;&#x438;&#x434;&#x435;&#x43C;&#x438;&#x43E;&#x43B;&#x43E;&#x433;&#x438;&#x435;&#x439; &#x437;&#x43E;&#x43E;&#x430;&#x43D;&#x442;&#x440;&#x43E;&#x43F;&#x43E;&#x43D;&#x43E;&#x437;&#x43E;&#x432;</subfield>
  </datafield>
  <datafield tag="320" ind1=" " ind2=" ">
    <subfield code="a">&#x411;&#x438;&#x431;&#x43B;&#x438;&#x43E;&#x433;&#x440;.: &#x441;. 230-245</subfield>
  </datafield>
  <datafield tag="513" ind1="1" ind2=" ">
    <subfield code="a">&#x41F;&#x440;&#x438;&#x440;&#x43E;&#x434;&#x43D;&#x430;&#x44F; &#x43E;&#x447;&#x430;&#x433;&#x43E;&#x432;&#x43E;&#x441;&#x442;&#x44C; &#x442;&#x440;&#x430;&#x43D;&#x441;&#x43C;&#x438;&#x441;&#x441;&#x438;&#x432;&#x43D;&#x44B;&#x445; &#x431;&#x43E;&#x43B;&#x435;&#x437;&#x43D;&#x435;&#x439; &#x432; &#x441;&#x432;&#x44F;&#x437;&#x438; &#x441; &#x43B;&#x430;&#x43D;&#x434;&#x448;&#x430;&#x444;&#x442;&#x43D;&#x43E;&#x439; &#x44D;&#x43F;&#x438;&#x434;&#x435;&#x43C;&#x438;&#x43E;&#x43B;&#x43E;&#x433;&#x438;&#x435;&#x439; &#x437;&#x43E;&#x43E;&#x430;&#x43D;&#x442;&#x440;&#x43E;&#x43F;&#x43E;&#x43D;&#x43E;&#x437;&#x43E;&#x432;</subfield>
    <subfield code="z">rus</subfield>
  </datafield>
  <datafield tag="620" ind1=" " ind2=" ">
    <subfield code="a">&#x41C;&#x43E;&#x441;&#x43A;&#x432;&#x430;</subfield>
  </datafield>
  <datafield tag="686" ind1=" " ind2=" ">
    <subfield code="a">&#x41C;&#x435;3-1000</subfield>
    <subfield code="2">rubbk</subfield>
  </datafield>
  <datafield tag="700" ind1=" " ind2="1">
    <subfield code="a">Pavlovskij</subfield>
    <subfield code="b">E. N.</subfield>
    <subfield code="f">1884-1965</subfield>
    <subfield code="g">Evgenij Nikanorovi&#x10D;</subfield>
  </datafield>
  <datafield tag="801" ind1=" " ind2="1">
    <subfield code="a">RU</subfield>
    <subfield code="b">Infocomm</subfield>
    <subfield code="c">20130318</subfield>
  </datafield>
  <datafield tag="801" ind1=" " ind2="0">
    <subfield code="a">RU</subfield>
    <subfield code="b">INFOCOMM</subfield>
    <subfield code="g">PSBO</subfield>
  </datafield>
  <datafield tag="852" ind1=" " ind2=" ">
    <subfield code="a">NLR</subfield>
    <subfield code="j">&#x41C;&#x434;97 &#x413;-5/254</subfield>
  </datafield>
  <datafield tag="942" ind1=" " ind2=" ">
    <subfield code="c">BOOK</subfield>
  </datafield>
  <datafield tag="980" ind1=" " ind2=" ">
    <subfield code="a">NB</subfield>
  </datafield>
  <datafield tag="995" ind1=" " ind2=" ">
    <subfield code="5">2013-10-26</subfield>
    <subfield code="b">NLR01</subfield>
    <subfield code="c">NLR01</subfield>
    <subfield code="e">IF</subfield>
    <subfield code="f">9613989-10</subfield>
    <subfield code="k">&#x41C;&#x434;97 &#x413;-5/254</subfield>
    <subfield code="o">0</subfield>
    <subfield code="r">BOOK</subfield>
    <subfield code="s">97_5254</subfield>
  </datafield>
</record>
